000 00471nam a2200145 4500
001 3045
005 20181127170356.0
008 070524s2007 vau 000 0 eng
010 _a 2007929517
020 _a9993665134
245 0 0 _aButterflies of Bhutan mountains, hills and valleys between 800 and 3000m /
_cPiet van der Poel, Tashi Wangchuk.
260 _aArlington, VA :
_bConservation International,
_c2007.
300 _a71 p.
650 _aButterflies --Bhutan.
_v
_x
_y
_z
_2
999 _c2447
_d2447